000 00808nam a22002657a 4500
001 5012
003 FISKH
005 20241031151026.0
008 241031b cb ||||| |||| 00| 0 eng d
020 _a9780545630511
040 _aFISKH
_beng
_cFISKH
_dFISKH
050 _aUA25.G37
082 _a355.00973
100 _aGarnett, Sammie
245 _aU.S. army alphabet book /
_cSammie Garnett Jerry Pallotta Rob Bolster
250 _aFirst printing in 2014
260 _aNew York :
_bScholastic,
_c2014.
300 _a26 pages :
_bColor illustrations ;
_c23 cm
520 _a"This alphabet book has something about the US Army for every letter"--
650 _2Alphabet
_aStructure
650 _2Acknowledgments
_aUS Army
700 _aBolster, Rob
_dIllustrator
942 _2ddc
_cBK
_n0
999 _c5012
_d5012